| 000 | 00753nam a2200193 a 4500 | ||
|---|---|---|---|
| 001 | 000037795 | ||
| 005 | 20250924073803.0 | ||
| 008 | 130306s2012 dr 000 0 spa d | ||
| 020 | _a9789945447774 | ||
| 100 | 1 |
_aVargas Morel, Matías _964243 |
|
| 245 | 1 | 0 |
_aCuento terapia con adrenalina total :/ : _bun elemento de cultura y tradición de la sociedad dominicana / _cMatías Vargas Morel. |
| 260 |
_aSanto Domingo : _bUniversidad Autónoma de Santo Domingo, _c2012. |
||
| 300 |
_a80 p. ; _c21 cm. |
||
| 490 | 1 | _aPublicaciones de la Universidad Autónoma de Santo Domingo | |
| 490 | 1 |
_aEstudios sociales _v35 |
|
| 830 |
_aPublicaciones de la Universidad Autónoma de Santo Domingo _952 |
||
| 830 | 0 |
_aEstudios sociales _n35 _964244 |
|
| 999 |
_c37285 _d37285 |
||
| 040 | _aDO-SdBNP | ||